000 02091nam0a2200409 4500
001 RU\NLR\BIBL_A\011368483
005 20260409072043.0
010 _a978-5-94301-628-8
_936
021 _aRU
_b2017-18392
_91357
035 _a(RuMoRGB)008825636
035 _a(NLR Aleph) 011368483
090 _a11337253
_c11337253
100 _a20170417d2016 |||y0rusy50 ca
101 0 _aeng
102 _aRU
105 _aac z 101zy
200 1 _a17th International conference of young specialists on micro/nanotechnologies and electron devices, Erlagol, Altai, 30 June - 4 July, 2016
_eproceedings
210 _aNovosibirsk
_cNovosibirsk state technical university
_d2016
215 _aXIII, 671, [3] с.
_cил., портр.
_d29
300 _aВ надзаг.: IEEE
320 _aБиблиогр. в конце докл.
320 _aУказ. в конце кн.
512 1 _aEDM 2016
606 _aРадиоэлектроника -- Радиотехника -- Радиоэлектронная аппаратура -- Микроэлектроника -- Наноэлектроника -- Материалы конференции
_2rubbk
606 1 _aМикроэлектроника
_jСъезды, совещания и т.п
_92094897
_3RU\NLR\AUTH\661267605
606 _aНанотехнологии
_jСъезды, совещания и т.п
_3RU\NLR\AUTH\66830353
_91835426
606 1 _aЭлектронные приборы
_jСъезды, совещания и т.п
_9894803
_3RU\NLR\AUTH\664069
686 _aЗ844.19я431(0)
_2rubbk
686 1 _aЗ844.1я431
686 1 _aЗ85я431
710 1 2 _7ba
_8eng
_aInternational conference of young specialists on micro/nanotechnologies and electron devices
_d17
_eErlagol
_f2016
_9556222
_3RU\NLR\AUTH\880446315
830 _a17-я Международная конференция молодых специалистов микро/нанотехнологий и электронных устройств.
942 _cBOOK
980 _aNB